| 000 | 00549nam a22002057a 4500 | ||
|---|---|---|---|
| 003 | OSt | ||
| 005 | 20140310183057.0 | ||
| 008 | 130228t xxu||||| |||| 00| 0 eng d | ||
| 020 | _a9712326748 | ||
| 050 |
_aLB 2369 _b.G25 1999 |
||
| 082 |
_aFIL 808.02 .G16 1999 _b.G25 1999 |
||
| 245 |
_aGuide to thesis writing : text and workbook _cGarcia, Alipio M. |
||
| 260 |
_aManila _bRex Book Store _cc1999 |
||
| 300 |
_ax, 130 p. _c28 cm. |
||
| 521 | _aCollege | ||
| 526 | _c1210L-1700L | ||
| 541 | _j1 | ||
| 562 | _e1 | ||
| 942 |
_2lcc _cBK _kFIL |
||
| 999 |
_c18692 _d18692 |
||